000 00486nam 22001813 4500
001 202589
090 _a202589
100 _a20260616d u||y0pory50 ba
200 _aTrês coisas que Eva viu
_fSérgio Garcias
206 _a
210 _aLisboa
_cIdream
_d2024
215 _a139 p.
_cbrochado
_d21 cm
606 _99
_aLiteratura Brasileira
675 _a821.134.3(81)-3
_vPT
_zpor
700 _917526
_aGarcias
_bSérgio
801 _aPT
_bBMMN
_gRPC
830 _cFernando
_fFernando
990 _cLIVROS